Республиканская крымскотатарская библиотека им. И. Гаспринского: 25 лет (Запись № 12088900)

Подробности
000 -МАРКЕР
контрольное поле 02169nam0a2200349 i 4500
001 - ИДЕНТИФИКАТОР ЗАПИСИ
контрольное поле RU\NLR\BIBL_A\011234942
005 - ИДЕНТИФИКАТОР ВЕРСИИ
контрольное поле 20260407043357.0
010 ## - МЕЖДУНАРОДНЫЙ СТАНДАРТНЫЙ НОМЕР КНИГИ (ISBN)
Номер (ISBN) 978-5-9907584-4-5
Тираж 300
021 ## - НОМЕР ГОСУДАРСТВЕННОЙ РЕГИСТРАЦИИ
Код страны Российская Федерация
Номер 2016-72234
Номер Листа государственной регистраци 4671
035 ## - ДРУГИЕ СИСТЕМНЫЕ НОМЕРА
Идентификатор записи (NLR Aleph) 011234942
100 ## - ДАННЫЕ ОБЩЕЙ ОБРАБОТКИ
Данные общей обработки 20161005d2015 u y0rusy50 ca
101 0# - ЯЗЫК РЕСУРСА
Язык текста, звукозаписи и т.д. русский
-- крымско-татарский
102 ## - СТРАНА ПУБЛИКАЦИИ ИЛИ ПРОИЗВОДСТВА
Страна публикации Российская Федерация
105 ## - ПОЛЕ КОДИРОВАННЫХ ДАННЫХ: ТЕКСТОВЫЕ МАТЕРИАЛЫ, МОНОГРАФИЧЕСКИЕ
Кодированные данные о монографическом текстовом документе ach|a|||010yy
200 1# - ЗАГЛАВИЕ И СВЕДЕНИЯ ОБ ОТВЕТСТВЕННОСТИ
Основное заглавие Республиканская крымскотатарская библиотека им. И. Гаспринского: 25 лет
Сведения, относящиеся к заглавию библиографический указатель
Первые сведения об ответственности М-во культуры Респ. Крым, Гос. бюджет. учреждение культуры Респ. Крым "Республик. крымскотатар. б-ка им. И. Гаспринского", Инф.-библиогр. отд.
Последующие сведения об ответственности [сост.: Д. Белялова и др.]
210 ## - ПУБЛИКАЦИЯ, РАСПРОСТРАНЕНИЕ И ДР.
Место издания, распространения и т.д. Симферополь
Имя издателя, распространителя и т. д. Медиацентр
Дата издания, распространения и т.д. 2015
215 ## - ФИЗИЧЕСКАЯ ХАРАКТЕРИСТИКА
Специфическое обозначение материала и объем 319 с.
Другие сведения о физической характеристике ил., портр., факс., цв. ил., портр.
Размеры 20
225 1# - СЕРИЯ
Основное заглавие серии Серия: Источник знаний
Параллельное заглавие серии Серия: "Бильги чокърагъы"
Язык параллельного заглавия крымско-татарский
300 ## - ОБЩИЕ ПРИМЕЧАНИЯ
Текст примечания На крымскотатар. и рус. яз.
300 ## - ОБЩИЕ ПРИМЕЧАНИЯ
Текст примечания Посвящ. 25-летию крымскотатарской Республик. б-ки им. И. Гаспринского
320 ## - ПРИМЕЧАНИЯ О НАЛИЧИИ В ДОКУМЕНТЕ БИБЛИОГРАФИИ / УКАЗАТЕЛЯ
Текст примечания Библиогр.: с. 313-317
601 02 - НАИМЕНОВАНИЕ ОРГАНИЗАЦИИ КАК ПРЕДМЕТ
Начальный элемент ввода Крымскотатарская республиканская библиотека им. И. Гаспринского
Идентифицирующий признак Симферополь, город; Крым
Формальный подзаголовок Библиография
Системный номер авторитетной/нормативной записи 2300614
Идентификатор авторитетной/нормативной записи RU\NLR\AUTH\6601603941
686 1# - ИНДЕКСЫ ДРУГИХ КЛАССИФИКАЦИЙ
Индекс Ч734(2Ук-4Крм-2С)7я1
702 #1 - ИМЯ ЛИЦА - ВТОРИЧНАЯ ОТВЕТСТВЕННОСТЬ
Начальный элемент ввода Белялова
Часть имени, кроме начального элемента ввода Д. Д.
Расширение инициалов личного имени Диляра Джаферовна
Код отношения Составитель
711 02 - НАИМЕНОВАНИЕ ОРГАНИЗАЦИИ - АЛЬТЕРНАТИВНАЯ ОТВЕТСТВЕННОСТЬ
Начальный элемент ввода Крымскотатарская республиканская библиотека им. И. Гаспринского
Идентифицирующий признак Симферополь
Системный номер авторитетной/нормативной записи 529494
Идентификатор авторитетной/нормативной записи RU\NLR\AUTH\8810015817
852 ## - МЕСТОНАХОЖДЕНИЕ И ШИФР ХРАНЕНИЯ
Идентификатор организации NLR
Наименование фонда или коллекции (Sub-Location Identifier) ОНЛ
Шифр хранения (Call Number) К.-тат./2-1178
942 ## - ДОПОЛНИТЕЛЬНЫЕ ЭЛЕМЕНТЫ ЗАПИСИ (АБИС)
Тип экземпляра АБИС Книга
980 ## - КОЛЛЕКЦИЯ
Название коллекции НБР

Нет доступных экземпляров.